LEADER 01108nam--2200361---450 001 990000356680203316 005 20201130112325.0 010 $a0-8070-5006-7 035 $a0035668 035 $aUSA010035668 035 $a(ALEPH)000035668USA01 035 $a0035668 100 $a20010313d2000----km-y0itay0103----ba 101 0 $aita 102 $aIT 105 $a||||||||001yy 200 1 $a<> many-headed hydra$esailors, slaves, commoners, and the hidden history of the revolutionary atlantic$fPeter Linebaugh and Marcus Rediker 210 $aBoston$cBacon Press$d2000 215 $a433 p.$d23 cm 410 0$12001 606 $aCapitalismo$xStoria$yGran Bretagna 606 $aTratta degli schiavi$yGran Bretagna$xStoria 607 $aGran Bretagna$xColonie 676 $a909.097124106 700 1$aLINEBAUGH,$bPeter$0183350 701 1$aREDIKER,$bMarcus$0254938 801 0$aIT$bsalbc$gISBD 912 $a990000356680203316 951 $aX.2.B. 296(III A 1032)$b156619 L.M.$cIII A$d00071012 959 $aBK 969 $aUMA 996 $aMany-headed hydra$9876544 997 $aUNISA